000
00302nam a2200133Ia 4500
008
240624s9999 xx 000 0 und d
041
_a
eng
082
_a
332.6 KEV
100
_a
KEVIN S
245
_a
PORTFOLIO MANAGEMENT
260
_c
2004
_a
New Delhi
_b
Prentice-Hall
300
_a
x, : 170
365
_c
RS
999
_c
218
_d
218